| 000 | 00961cam a2200289 a 4500 | ||
|---|---|---|---|
| 999 |
_c3174 _d3174 |
||
| 001 | 4733065 | ||
| 003 | GBCCL | ||
| 005 | 20241126110448.0 | ||
| 008 | 840815s1985 njuaf 000 0beng | ||
| 010 | _a 84017902 | ||
| 020 |
_a0800712269 : _c$12.95 |
||
| 040 |
_aDLC _cDLC _dDLC |
||
| 043 | _an-us--- | ||
| 050 | 0 | 0 |
_aRJ138.R68 _bR68 1985 |
| 082 | 0 | 0 |
_a362.092 _aB _219 _bROT |
| 100 | 1 |
_aRothenberg, Marie. _96544 |
|
| 245 | 1 | 0 |
_aDavid / _cMarie Rothenberg and Mel White. |
| 260 |
_aOld Tappan, N.J. : _bRevell, _cc1985. |
||
| 300 |
_a192 p., [8] p. of plates : _bill. ; _c24 cm. |
||
| 600 | 1 | 0 |
_aRothenberg, David, _d1976- _96545 |
| 650 | 0 |
_aChildren with disabilities _zUnited States _vBiography. _96546 |
|
| 650 | 0 |
_aAbused children _zUnited States _vBiography. _96547 |
|
| 650 | 0 |
_aBurns and scalds _xPatients _zUnited States _vBiography. _96548 |
|
| 700 | 1 |
_aWhite, Mel, _d1940- _96549 |
|
| 906 |
_a7 _bcbc _corignew _d1 _eocip _f19 _gy-gencatlg |
||
| 942 |
_2ddc _cBK |
||